Magic the Gathering card nicknames - Statistics

General Stats
  • This quiz has been taken 298 times
  • The average score is 8 of 18
Answer Stats
Hint Answer % Correct
Flying Spaghetti Monster Emrakul, the Aeons Torn
74%
Sad Robot Solemn Simulacrum
73%
Bob Dark Confidant
67%
Prime Time Primeval Titan
67%
Swagtusk Thragtusk
62%
Gary Gray Merchant of Asphodel
60%
Scooze Scavenging Ooze
57%
Mom Mother of Runes
56%
One Mana Planeswalker Deathrite Shaman
47%
Tim Prodigal Sorcerer
47%
Steve Sakura-Tribe Elder
44%
Baby Jace Jace, Vryn's Prodigy
38%
Tiago Chan Snapcaster Mage
27%
Sex Monkey Uktabi Orangutan
20%
Superman Morphling
18%
Ghost Dad Obzedat, Ghost Council
15%
Pikula Meddling Mage
13%
Mox Monkey Gorilla Shaman
12%
No matching quizzes found
Score Distribution
Percent of People with Each Score
Percentile by Number Answered
Your Score History
You have not taken this quiz